Responses for show #7411 - Monday, November 28, 2016

WE ASKED: Michael Steele.

Contestants

Allison Totura, a research microbiologist from Frederick, Maryland

Hobie Barnes, a consultant from Glendale, California

Justin Bender, a technical engineer from Boulder, Colorado (whose 1-day cash winnings total $19,600)

Jeopardy! Round responses

WHERE IS IT?
ORGANIZATIONS
SKY LINES
CLASSIC FILM MUSIC
CONDIMENTS
A SPELLING BEE
    $200 1
the Pacific

Allison
    $200 21
"Skyfall"

Allison
    $200 9
The Wizard of Oz

Justin
    $200 4
P-A-R-A-L-L-E-L

Justin
    $400 12
Taipei

Justin
    $400 23
OPEC

Justin
    $400 2
The Love Song of J. Alfred Prufrock

Triple Stumper
    $400 7
John Williams

Hobie
    $400 3
soy sauce

Hobie
    $400 5
R-E-C-E-I-P-T

Justin
    $600 13
the Prado

Allison
    $600 24
(Alex: We have less than a minute to go now.)

the Republican National Committee

Hobie
    $600 14
Uncle Vanya

Hobie
    $600 8
Angela Lansbury

Hobie
    $600 16
salsa

Justin
    $600 6
B-U-R-E-A-U

Allison
    $800 27
Clark County

Hobie
    $1,400 25
Greenpeace

Hobie
    $800 15
A Tree Grows in Brooklyn

Allison
    $800 10
St. Elmo's Fire

Hobie
    $800 17
wasabi

Justin
    $800 19
C-A-R-I-B-B-E-A-N

Justin
    $1000 28
(Allison: What's the Hindu-Kush?)
...
[The end-of-round signal sounds.]

the Karakoram

Allison
Triple Stumper
    $1000 26
Gallup

Justin
    $1000 22
Katharine Lee Bates

Triple Stumper
    $1000 11
(Justin: What is Crash?)

Hustle and Flow

Justin
Triple Stumper
    $1000 18
chutney

Justin
    $1000 20
P-H-I-L-I-P-P-I-N-E-S

Hobie

Scores at the first commercial break (after clue 15):

Justin Hobie Allison
$200 $2,800 $2,200

Scores at the end of the Jeopardy! Round:

Justin Hobie Allison
$4,800 $6,600 $1,400

Double Jeopardy! Round responses

1812: THE WAR & MORE
UNREAL ESTATE
THEY COME IN THREES
EARTH SCIENCE
ANTE "MER"IDIAN
(Alex: Each correct response will appear in the dictionary before "meridian" and will begin with those same three letters--"M-E-R.")
A SAMANTHA BEE
    $400 29
[The end-of-round signal sounds.]

Louisiana

Allison
    $400 18
Snap, Crackle and Pop

Justin
    $400 28
earthquakes

Hobie
    $400 12
mercenary

Hobie
    $400 13
Bewitched

Justin
    $800 26
Old Ironsides

Allison
    $800 24
Lake Wobegon

Justin
    $800 5
three strikes

Justin
    $800 1
climate

Justin
    $800 8
merge

Hobie
    $800 14
(Alex: With Jon Stewart, yes.)

The Daily Show

Justin
    $1200 21
(Justin: Who is Tennyson?)

(Lord) Byron

JustinAllison
    $1200 19
The Secret Garden

Allison
    $1200 6
Three Musketeers

Triple Stumper
    $1200 2
the crust

Allison
    $1200 9
mercurial

Justin
    $1200 15
Her

Hobie
    $5,000 22
(Alex: Elbridge Gerry.)

gerrymander

Allison
    $1600 20
Hadleyburg

Triple Stumper
    $1600 7
the Punic Wars

Justin
    $1600 3
metamorphic

Justin
    $1600 10
the merengue

Hobie
    $1600 16
Christina Applegate

Hobie
    $2000 27
Tecumseh

Triple Stumper
    $2000 23
Erewhon

Triple Stumper
    $5,000 25
Fates

Justin
    $2000 4
neap tides

Allison
    $2000 11
merchant

Hobie
    $2000 17
Kim Cattrall

Hobie

Scores at the end of the Double Jeopardy! Round:

Justin Hobie Allison
$17,000 $16,600 $13,200

[wagering suggestions for these scores]

Final Jeopardy! Round responses

WORLD FLAGS
AllisonWhat is Fra Italy?
$12,800
HobieWhat is England?
$16,000
JustinWhat is France?
$15,801
the Netherlands

Final scores:

Justin Hobie Allison
$1,199 $600 $400
2-day champion: $20,799 2nd place: $2,000 3rd place: $1,000

Game dynamics:

Coryat scores:

Justin Hobie Allison
$14,000 $16,000 $9,800
20 R
(including 1 DD),
2 W
17 R
(including 1 DD),
0 W
12 R
(including 1 DD),
1 W

Combined Coryat: $39,800

The J! Archive is created by fans, for fans. The Jeopardy! game show and all elements thereof, including but not limited to copyright and trademark thereto, are the property of Jeopardy Productions, Inc. and are protected under law. This website is not affiliated with, sponsored by, or operated by Jeopardy Productions, Inc. Join the discussion at JBoard.tv.